000 00317nam a2200121 a 4500
005 20140414131925.0
008 101027s19uu xx 00 eng d
050 _aER
_bW72 1998
100 _aMilne, A. A.
245 _aEeyore loses his tail...again.
260 _aMontreal, Canada :
_bDisney,
_c1998.
999 _c111940
_d111940